| 000 | 01551nam0a2200361 i 4500 | ||
|---|---|---|---|
| 001 | RU\NLR\bibl\1945285 | ||
| 005 | 20260406071638.0 | ||
| 010 |
_a9785811247073 _93000 |
||
| 021 |
_aRU _b2012-63995 _94697 |
||
| 035 | _a(NLR Aleph) 001934515 | ||
| 090 |
_a3481281 _c3481281 |
||
| 100 | _a20120914d2012 u y0rusy50 ca | ||
| 101 | 0 |
_arus _ager |
|
| 102 | _aRU | ||
| 105 | _ay ||||||||| | ||
| 200 | 1 |
_aКак быстро выучить много немецких слов _fПавел Литвинов |
|
| 205 | _a5-е изд. | ||
| 210 |
_aМосква _cАйрис-пресс _d2012 |
||
| 215 |
_a159 с. _d21 |
||
| 225 | 1 | _aСтупени к успеху | |
| 225 | 1 |
_aДля начинающих _dGrundstufe _zger |
|
| 225 | 1 | _aНемецкий. Ступени к успеху | |
| 300 | _aНа обл. загл. и авт. также на нем. яз.: Wie man schnell viele deutsche Wörter lernen kann / Pawel Litwinow | ||
| 517 | 1 |
_6z22790 _aWie man schnell viele deutsche Wörter lernen kann |
|
| 606 | 1 |
_aНемецкий язык _jУчебные издания _xЛексикология _91681174 _3RU\NLR\auth\66746430 |
|
| 686 | _aШ143.24-93рус-3 | ||
| 700 | 1 |
_4070 _8rus _7ca _aЛитвинов _bП.П. _gПавел Петрович _3RU\NLR\auth\7728455 _911486 |
|
| 790 | 1 |
_4070 _8rus _7ba _aLitvinov _bP.P. _gPavel Petrovič _3RU\NLR\auth\7728456 _911487 |
|
| 801 | 0 |
_aRU _bNLR _c20120914 _gRCR |
|
| 801 | 1 |
_aRU _bNLR _c20120914 |
|
| 942 | _cBOOK | ||
| 980 | _aNBR | ||